[Event "CUB Province-chT Schools 54th"]
[Site "Santa Clara"]
[Date "2018.07.15"]
[Round "5.7"]
[White "Cabrales Santos, Guzman"]
[Black "Torres Valiente, Brayan"]
[Result "0-1"]
[WhiteElo "1721"]
[BlackElo "1866"]
[PlyCount "139"]
[EventDate "2018.07.13"]
[EventType "team-swiss"]
[EventRounds "9"]
[EventCountry "CUB"]
[SourceTitle "CBM 195 Extra"]
[Source "ChessBase"]
[SourceDate "2020.05.31"]
[SourceVersion "1"]
[SourceVersionDate "2020.05.31"]
[SourceQuality "1"]
[WhiteTeam "Sancti Spiritus"]
[BlackTeam "Santiago de Cuba"]
[WhiteTeamCountry "CUB"]
[BlackTeamCountry "CUB"]

1. d4 d5 2. c4 e6 3. Nc3 Nf6 4. Nf3 Be7 5. Bg5 b6 6. e3 0-0 7. Bxf6 Bxf6 8. cxd5 exd5 9. Bd3 Bb7 10. Rc1 Na6 11. Qa4 Nb8 12. 0-0 c5 13. Ne2 c4 14. Bf5 g6 15. Bh3 Bc6 16. Qc2 Na6 17. a3 b5 18. Ne5 Be8 19. g3 b4 20. e4 Bb5 21. exd5 Re8 22. Nxc4 bxa3 23. bxa3 Nc7 24. Ne5 Nxd5 25. Rfe1 Bxe5 26. dxe5 Rxe5 27. Nd4 Rxe1+ 28. Rxe1 Bd7 29. Bg2 Rc8 30. Qd2 Nb6 31. Qa5 Qf6 32. Nf3 Rc7 33. Qe5 Qxe5 34. Nxe5 Be6 35. Nc6 Nc4 36. a4 Kg7 37. Nd4 Kf6 38. Nxe6 fxe6 39. Rc1 Ke5 40. Bh3 Kd6 41. Rb1 Nb6 42. Rb4 Rc4 43. Rxc4 Nxc4 44. Bf1 Kc5 45. a5 Nxa5 46. Bd3 Nb3 47. Ba6 Kb4 48. Kf1 Nc5 49. Be2 a5 50. Ke1 Kc3 51. Bb5 a4 52. Bxa4 Nxa4 53. Ke2 Kd4 54. Kf3 Nc3 55. Kg4 h6 56. h4 Ne4 57. f4 h5+ 58. Kf3 Nf6 59. Ke2 Ke4 60. Kf2 Ng4+ 61. Ke2 Ne3 62. Kf2 Nf5 63. Kg2 Ke3 64. Kh3 Kf3 65. g4 hxg4+ 66. Kh2 Kf2 67. h5 gxh5 68. Kh1 h4 69. Kh2 g3+ 70. Kh3 0-1

[Event "Villa Yayabo tt"]
[Site "Sancti Spiritus"]
[Date "2018.06.07"]
[Round "7.3"]
[White "Ulloa Rey, Luis Ernesto"]
[Black "Cabrales Santos, Guzman"]
[Result "0-1"]
[WhiteElo "1796"]
[BlackElo "1655"]
[PlyCount "92"]
[EventDate "2018.06.04"]
[EventType "team-tourn"]
[EventRounds "10"]
[EventCountry "CUB"]
[SourceTitle "EXT 2021"]
[Source "ChessBase"]
[SourceDate "2020.10.23"]
[SourceVersion "1"]
[SourceVersionDate "2020.10.23"]
[SourceQuality "1"]

1. d4 Nf6 2. Nf3 e6 3. e3 b6 4. Bd3 d5 5. 0-0 Bd6 6. b3 Nbd7 7. Bb2 Qe7 8. Ne5 0-0 9. Nd2 Bb7 10. f4 Ne4 11. Nxe4 dxe4 12. Nxd7 Qxd7 13. Be2 Qe7 14. Qe1 a5 15. a4 Ba6 16. Bxa6 Rxa6 17. Qe2 Raa8 18. c4 Rfd8 19. Rfd1 Bb4 20. Qg4 f5 21. Qg3 Rd7 22. Rdc1 c5 23. Rd1 Rad8 24. h4 cxd4 25. Bxd4 Bc5 26. Qf2 Bxd4 27. exd4 Qf6 28. Kh2 Rxd4 29. Rxd4 Qxd4 30. Qxd4 Rxd4 31. Kg1 Rd2 32. Rb1 Kf7 33. b4 axb4 34. Rxb4 Rd6 35. Rb5 Rc6 36. Rb4 Ke7 37. Kf2 Kd6 38. Rb5 Kc7 39. Re5 Kd7 40. a5 bxa5 41. Rxa5 Rxc4 42. Ra7+ Rc7 43. Ra6 Ke7 44. Ke3 Rc3+ 45. Kd4 Rd3+ 46. Ke5 Rd5# 0-1

[Event "Tomas Aguilera Angelino Memorial"]
[Site "Ciego de Avila"]
[Date "2018.04.10"]
[Round "9"]
[White "Salina Parra, Leandro"]
[Black "Cabrales Santos, Guzman"]
[Result "1/2-1/2"]
[WhiteElo "2029"]
[BlackElo "1549"]
[PlyCount "60"]
[EventDate "2018.04.05"]
[EventType "swiss"]
[EventRounds "9"]
[EventCountry "CUB"]
[SourceTitle "EXT 2021"]
[Source "ChessBase"]
[SourceDate "2020.10.23"]
[SourceVersion "1"]
[SourceVersionDate "2020.10.23"]
[SourceQuality "1"]

1. d4 Nf6 2. c4 e6 3. g3 b6 4. Bg2 c6 5. Nc3 Bb4 6. Bf4 d5 7. Nf3 0-0 8. 0-0 Bxc3 9. bxc3 Ba6 10. Ne5 Bxc4 11. Nxc4 dxc4 12. e4 Nbd7 13. Bd6 Re8 14. f4 b5 15. e5 Nd5 16. Bxd5 cxd5 17. Qg4 f5 18. Qh3 g6 19. g4 Nf8 20. gxf5 exf5 21. Kh1 Qd7 22. Rg1 Qe6 23. Qh6 a6 24. Rg5 Ra7 25. a4 Rg7 26. axb5 axb5 27. Ra6 Qc8 28. Rb6 Qa8 29. Bb4 Nd7 30. Rxb5 Qa4 1/2-1/2

[Event "Santa Clara Salado Cup"]
[Site "Santa Clara"]
[Date "2018.03.31"]
[Round "5"]
[White "Perez Marimon, Jorge De Jesus"]
[Black "Cabrales Santos, Guzman"]
[Result "1-0"]
[WhiteElo "2126"]
[BlackElo "1549"]
[PlyCount "69"]
[EventDate "2018.03.29"]
[EventType "swiss"]
[EventRounds "7"]
[EventCountry "CUB"]
[SourceTitle "EXT 2021"]
[Source "ChessBase"]
[SourceDate "2020.10.23"]
[SourceVersion "1"]
[SourceVersionDate "2020.10.23"]
[SourceQuality "1"]

1. e4 d5 2. exd5 Qxd5 3. Nc3 Qa5 4. d4 c6 5. Nf3 Bf5 6. Bc4 Nf6 7. Bd2 Qc7 8. Ne5 e6 9. g4 Bg6 10. Qe2 Nbd7 11. 0-0-0 0-0-0 12. h4 h5 13. Nxg6 fxg6 14. g5 Nd5 15. Qxe6 Nxc3 16. Bxc3 Qf4+ 17. Kb1 Qf5 18. d5 cxd5 19. Bxd5 Qxe6 20. Bxe6 Kc7 21. Rhe1 Nc5 22. Rxd8 Kxd8 23. Bf7 Na4 24. Re8+ Kd7 25. Bb4 Bxb4 26. Rxh8 Nc5 27. Bxg6 Be1 28. Bxh5 Bxf2 29. Bg4+ Kc7 30. Rh7 Kb6 31. h5 Ne4 32. Rxg7 Be3 33. h6 Nxg5 34. h7 Nxh7 35. Rxh7 1-0